书目信息 |
| 题名: |
《书谱》之中国书法美学
|
|
| 作者: | 顾作义 著 | |
| 分册: | ||
| 出版信息: | 广州 花城出版社 2023 |
|
| 页数: | 180页 | |
| 开本: | 21cm | |
| 丛书名: | 中国经典艺术美学 | |
| 单 册: | ||
| 中图分类: | J292 | |
| 科图分类: | ||
| 主题词: | 汉字--书法美学--研究--中国 | |
| 电子资源: | ||
| ISBN: | 978-7-5360-9858-9 | |
| 000 | 00840nam0 2200265 450 | |
| 001 | 012579928 | |
| 005 | 20240904060502.9 | |
| 010 | @a978-7-5360-9858-9@dCNY58.00 | |
| 100 | @a20231013d2023 em y0chiy0120 ea | |
| 101 | 0 | @achi |
| 102 | @aCN@b440000 | |
| 105 | @aa z 000yy | |
| 106 | @ar | |
| 200 | 1 | @a《书谱》之中国书法美学@9《shu pu 》zhi zhong guo shu fa mei xue@f顾作义著 |
| 210 | @a广州@c花城出版社@d2023 | |
| 215 | @a180页@c图@d21cm | |
| 225 | @a中国经典艺术美学 | |
| 300 | @a中国经典艺术美学 | |
| 330 | @a本书以唐代书法家孙过庭的书学理论名作《书谱》为范本,分别从源头、精神、形态、风格、意境等角度研究探讨中国书法里的美学。 | |
| 586 | @a | |
| 606 | 0 | @a汉字@x书法美学@x研究@y中国 |
| 690 | @aJ292@v5 | |
| 701 | 0 | @a顾作义@9gu zuo yi@f(1958-)@4著 |
| 801 | 0 | @aCN@c20240904 |
| 905 | @dI207@eG528:3@f1@sI207/G528:3@S@Z | |
| 《书谱》之中国书法美学/顾作义著.-广州:花城出版社,2023 |
| 180页:图;21cm.-(中国经典艺术美学) |
| 中国经典艺术美学 |
| ISBN 978-7-5360-9858-9:CNY58.00 |
| 本书以唐代书法家孙过庭的书学理论名作《书谱》为范本,分别从源头、精神、形态、风格、意境等角度研究探讨中国书法里的美学。 |
| ● |
| 相关链接 |
|
|
|
正题名:《书谱》之中国书法美学
索取号:I207/G528:3
 
预约/预借
| 序号 | 登录号 | 条形码 | 馆藏地/架位号 | 状态 | 备注 |
| 1 | 21613492 | 216134920 | 文学库108/ [索取号:I207/G528:3] | 在馆 |